|
|
|
|
| LEADER |
02627nam a22004573i 4500 |
| 001 |
EBC6679898 |
| 003 |
MiAaPQ |
| 005 |
20231204023217.0 |
| 006 |
m o d | |
| 007 |
cr cnu|||||||| |
| 008 |
231204s2021 xx o ||||0 eng d |
| 020 |
|
|
|a 9781637420850
|q (electronic bk.)
|
| 020 |
|
|
|z 9781637420843
|
| 035 |
|
|
|a (MiAaPQ)EBC6679898
|
| 035 |
|
|
|a (Au-PeEL)EBL6679898
|
| 035 |
|
|
|a (OCoLC)1261364675
|
| 040 |
|
|
|a MiAaPQ
|b eng
|e rda
|e pn
|c MiAaPQ
|d MiAaPQ
|
| 050 |
|
4 |
|a HD58.8
|
| 082 |
0 |
|
|a 658.4012
|
| 100 |
1 |
|
|a Parth, Frank R.
|
| 245 |
1 |
0 |
|a Successfully Achieving Strategy Through Effective Portfolio Management.
|
| 250 |
|
|
|a 1st ed.
|
| 264 |
|
1 |
|a New York :
|b Business Expert Press,
|c 2021.
|
| 264 |
|
4 |
|c Ã2021.
|
| 300 |
|
|
|a 1 online resource (350 pages)
|
| 336 |
|
|
|a text
|b txt
|2 rdacontent
|
| 337 |
|
|
|a computer
|b c
|2 rdamedia
|
| 338 |
|
|
|a online resource
|b cr
|2 rdacarrier
|
| 490 |
1 |
|
|a Studien Zum Physik- und Chemielernen Series
|
| 505 |
0 |
|
|a Cover -- Halftitle -- Title -- Copyright -- Description -- Contents -- Preface -- Step 1: Prepare the Organization -- Step 2: Designing the Enterprise-Level Portfolio Management System -- Step 3: Planning and Implementing the EPMS -- Appendices -- Notes -- References -- About the Author -- Index -- Adpage -- Backcover.
|
| 520 |
|
|
|a This book provides the approach that significantly increases an organization's ability to achieve its strategy. This is not a book about developing strategy. This is a book that will help you actually achieve the strategy the organization's leadership has developed. Strategy is necessary but it is a complete waste of time unless it is effectively turned into real results. If you want to see where an organization will be in 5 years, don't look at its strategic goals. Look at where management spends the money.
|
| 588 |
|
|
|a Description based on publisher supplied metadata and other sources.
|
| 590 |
|
|
|a Electronic reproduction. Ann Arbor, Michigan : ProQuest Ebook Central, 2023. Available via World Wide Web. Access may be limited to ProQuest Ebook Central affiliated libraries.
|
| 650 |
|
0 |
|a Strategic planning.
|
| 650 |
|
0 |
|a Organizational change--Management.
|
| 650 |
|
0 |
|a Industrial management.
|
| 655 |
|
4 |
|a Electronic books.
|
| 776 |
0 |
8 |
|i Print version:
|a Parth, Frank R.
|t Successfully Achieving Strategy Through Effective Portfolio Management
|d New York : Business Expert Press,c2021
|z 9781637420843
|
| 797 |
2 |
|
|a ProQuest (Firm)
|
| 830 |
|
0 |
|a Studien Zum Physik- und Chemielernen Series
|
| 856 |
4 |
0 |
|u https://ebookcentral.proquest.com/lib/matrademy/detail.action?docID=6679898
|z Click to View
|